India : Planning for industrialization

This Book Chronicles The Indian Experience With Industrialization In The Two Decades Since Independence In 1947 Which Has Evoked Reactions Which Appear To Have Regressed From Great Optimism To Exaggerated Despair. No Jacket, Ex-Library Book. Boards Rubbed. Spine Slightly Damaged On The Lower End...

Saved in:
Bibliographic Details
Main Author: Bhagwati, Jagdish N.
Format: Book
Language:Undetermined
Published: Delhi Oxford Univ. Pr. 1970
Tags: Add Tag
No Tags, Be the first to tag this record!
Institutions: Trung tâm Học liệu Trường Đại học Cần Thơ
LEADER 00810nam a2200193Ia 4500
001 CTU_223343
008 210402s9999 xx 000 0 und d
082 |a 338.9 
082 |b B575 
100 |a Bhagwati, Jagdish N. 
245 0 |a India : 
245 0 |b Planning for industrialization 
245 0 |c Jagdish N. Bhagwati, Padma Desai 
260 |a Delhi 
260 |b Oxford Univ. Pr. 
260 |c 1970 
520 |a This Book Chronicles The Indian Experience With Industrialization In The Two Decades Since Independence In 1947 Which Has Evoked Reactions Which Appear To Have Regressed From Great Optimism To Exaggerated Despair. No Jacket, Ex-Library Book. Boards Rubbed. Spine Slightly Damaged On The Lower End... 
904 |i Vũ Anh, Trúc 
980 |a Trung tâm Học liệu Trường Đại học Cần Thơ